Top 10 Länder nach Feigenproduktion - Statistiken

Allgemein
  • Dieses Quiz wurde 12 mal gespielt
  • Das Durchschnittsergebnis liegt bei 6 aus 10
Antwortstatistiken
Platz Anbaumenge in Tonnen Land % Korrekt
1 320.000 Türkei
92%
9 26.494 Vereinigte Staaten
83%
2 298.498 Ägypten
75%
4 107.266 Algerien
75%
5 83.900 Iran
75%
6 60.190 Spanien
75%
3 144.153 Marokko
67%
7 40.996 Syrien
50%
10 24.095 Albanien
17%
8 32.200 Usbekistan
17%
Keine übereinstimmenden Quizze gefunden
Verteilung der Resultate
Anzahl Personen mit jedem Resultat
Perzentil nach korrekt beantworteten Fragen
Ihre Resultats-Entwicklung
Sie haben dieses Quiz noch nicht gespielt